[Event "Challenge"]
[Site "http://www.queenalice.com/game.php?id=154966"]
[Date "2007.1.16"]
[Round "-"]
[White "mvj01"]
[Black "gianmario"]
[Result "0-1"]
[WhiteElo "1629"]
[BlackElo "1681"]

1. d4 d5 2. Nf3 c6 3. Nc3 Nf6 4. Bf4 g6 5. e3 Bg7 6. Bd3 O-O 7. O-O a5 8. Na4
Nbd7 9. c3 b5 10. Nc5 Nxc5 11. dxc5 a4 12. a3 Nd7 13. Nd4 Ra6 14. b4 e5 15. Nxb5
exf4 16. Nd6 Ra7 17. Rc1 fxe3 18. fxe3 Qg5 19. Qd2 Ne5 20. c4 Nxd3 21. Qxd3 dxc4
22. Qxc4 Qxe3+ 23. Kh1 Ba6 24. b5 cxb5 25. Nxb5 Bxb5 26. Qxb5 Qxa3 27. c6 Rc8
28. Qb6 Rac7 29. Qb7 Rxb7 30. cxb7 Qxc1 0-1

[Event "Challenge"]
[Site "http://www.queenalice.com/game.php?id=157153"]
[Date "2007.1.21"]
[Round "-"]
[White "lolothebest"]
[Black "gianmario"]
[Result "0-1"]
[WhiteElo "1488"]
[BlackElo "1680"]

1. e4 e5 2. Bc4 Nc6 3. Qf3 Nf6 4. Nh3 h6 5. a3 b6 6. O-O Be7 7. Ba2 O-O 8. Qb3
Bb7 9. f4 d6 10. fxe5 dxe5 11. d3 Nd4 12. Qc4 Bc5 13. Nf2 Ne2+ 14. Kh1 Nxc1 15.
Rxc1 Bxf2 16. Rf1 Bc5 17. b4 Be7 18. Nc3 Bc8 19. Rf3 Be6 20. Nd5 c6 21. Qxc6 Rc8
22. Qb5 Rxc2 23. Qa4 Rc8 24. Qxa7 Bxd5 25. exd5 Nxd5 26. Re1 Bf6 27. Qa4 Nc3 28.
Qb3 Nxa2 29. Qxa2 Be7 30. Ref1 Bf6 31. Rg3 Kh8 32. a4 Qd4 33. Qb1 Be7 34. Qd1
Qxb4 35. Re1 f6 36. Qg4 Qxe1# 0-1

[Event "Challenge"]
[Site "http://www.queenalice.com/game.php?id=157308"]
[Date "2007.1.22"]
[Round "-"]
[White "Enrico"]
[Black "gianmario"]
[Result "1/2-1/2"]
[WhiteElo "1702"]
[BlackElo "1695"]

1. e4 e5 2. Nf3 Nc6 3. Bb5 d6 4. Nc3 Nf6 5. Bxc6+ bxc6 6. O-O c5 7. d3 g6 8. Bg5
Bg7 9. Nd5 c6 10. Nxf6+ Bxf6 11. Bxf6 Qxf6 12. Qd2 O-O 13. Qg5 Qxg5 14. Nxg5 d5
15. Nf3 Ba6 16. exd5 e4 17. Ne5 cxd5 18. Rfe1 exd3 19. Nxd3 Bxd3 20. cxd3 Rfe8
21. Rec1 Rac8 22. g3 a5 23. Rc3 Re7 24. b3 Rec7 25. Re1 Kf8 26. Re5 Rd7 27. d4
c4 28. f4 f6 29. Re6 Kf7 30. Ra6 Rdc7 31. bxc4 Rxc4 32. Rxc4 Rxc4 33. Rxa5 Rxd4
34. Rc5 Rd1+ 35. Kg2 d4 36. Rd5 Ke6 37. Rd8 Ra1 38. Rxd4 Rxa2+ 39. Kh3 Ra7 40.
Kg4 Rd7 41. Re4+ 1/2-1/2

[Event "Challenge"]
[Site "http://www.queenalice.com/game.php?id=158031"]
[Date "2007.1.23"]
[Round "-"]
[White "sbirulino"]
[Black "gianmario"]
[Result "1-0"]
[WhiteElo "1962"]
[BlackElo "1706"]

1. d4 Nf6 2. Bg5 d5 3. Nf3 Nc6 4. e3 e6 5. Bb5 Bd7 6. Ne5 Nxe5 7. dxe5 Bxb5 8.
exf6 gxf6 9. Bh4 Bg7 10. Nc3 Ba6 11. Qg4 Rg8 12. a4 Qe7 13. O-O-O O-O-O 14. Nxd5
Rxd5 15. Rxd5 Kb8 16. Rh5 h6 17. Rxh6 Qe8 18. Rh7 f5 19. Qh5 Qxa4 20. Rxg7 Qa1+
21. Kd2 Rd8+ 22. Bxd8 Qa5+ 23. c3 Qd5+ 24. Kc1 Qxd8 25. Qxf7 1-0

[Event "Challenge"]
[Site "http://www.queenalice.com/game.php?id=159226"]
[Date "2007.1.26"]
[Round "-"]
[White "gianmario"]
[Black "Twinigo"]
[Result "0-1"]
[WhiteElo "1680"]
[BlackElo "2032"]

1. e4 c5 2. Nf3 Nc6 3. d4 cxd4 4. Nxd4 Nf6 5. Nc3 g6 6. Be2 Bg7 7. Nxc6 bxc6 8.
O-O Bb7 9. Be3 Qa5 10. Qc1 h5 11. h3 Rb8 12. Qd2 Ba6 13. Bxa6 Qxa6 14. b3 Rb7
15. a4 d6 16. Rab1 Rd7 17. f3 d5 18. exd5 Nxd5 19. Nxd5 Rxd5 20. Qf2 Qa5 21.
Bxa7 c5 22. Bxc5 Qxc5 23. Qxc5 Rxc5 24. c4 O-O 25. Rfc1 Bd4+ 26. Kh1 Ra5 27. c5
Rxc5 28. Rxc5 Bxc5 29. b4 Bd4 30. b5 Ra8 31. a5 Rxa5 32. b6 Ra1 33. Rxa1 Bxa1
34. b7 Be5 35. Kg1 Kf8 36. Kf2 Ke8 37. Ke3 f5 38. Kd3 Kd7 39. Kc4 Kc6 40. b8=Q
Bxb8 41. Kd4 Bg3 42. Kc4 e5 43. Kd3 Kd5 44. Ke3 e4 45. f4 Bxf4+ 46. Ke2 Kd4 47.
Kf2 Kd3 48. Ke1 e3 49. Kd1 e2+ 50. Ke1 Bg3# 0-1

[Event "gianmario"]
[Site "http://www.queenalice.com/game.php?id=160630"]
[Date "2007.1.29"]
[Round "1"]
[White "gianmario"]
[Black "coolkacheek"]
[Result "1-0"]
[WhiteElo "1683"]
[BlackElo "1946"]

1. e4 e6 2. d4 d5 3. e5 c5 4. c3 Nc6 5. Nf3 Qb6 6. a3 Bd7 7. b4 cxb4 8. cxb4
Nge7 9. Be3 h5 10. Nc3 Nf5 11. Bb5 a5 12. Bxc6 Bxc6 13. O-O Be7 14. Qd3 Kd7 15.
Na4 Bxa4 16. Rfc1 Rac8 17. h3 Rxc1+ 18. Rxc1 Rc8 19. Rxc8 Kxc8 20. Qc3+ Qc7 21.
Qd2 1-0

[Event "Challenge"]
[Site "http://www.queenalice.com/game.php?id=161375"]
[Date "2007.1.31"]
[Round "-"]
[White "gianmario"]
[Black "Enrico"]
[Result "0-1"]
[WhiteElo "1695"]
[BlackElo "1719"]

1. e4 e5 2. Nf3 Nc6 3. d4 exd4 4. Nxd4 Qf6 5. Nxc6 Bc5 6. Qd2 dxc6 7. Bd3 Be6 8.
Qf4 Qxf4 9. Bxf4 O-O-O 10. O-O Bd4 11. Nc3 Bxc3 12. bxc3 h6 13. h3 c5 14. c4 g5
15. Bh2 Ne7 16. a4 Nc6 17. c3 Rxd3 0-1

[Event "Challenge"]
[Site "http://www.queenalice.com/game.php?id=164498"]
[Date "2007.2.6"]
[Round "-"]
[White "Enrico"]
[Black "gianmario"]
[Result "0-1"]
[WhiteElo "1743"]
[BlackElo "1688"]

1. e4 e5 2. Nf3 Nc6 3. Nc3 Nf6 4. Bb5 d6 5. Bxc6+ bxc6 6. Qe2 g6 7. d3 Bg7 8.
Be3 O-O 9. O-O-O Ba6 10. a3 d5 11. exd5 cxd5 12. Bc5 Re8 13. Qd2 d4 14. Ne2 Qd5
15. Bb4 c5 16. Ba5 Qa2 17. c3 Rac8 18. c4 Qb3 19. Qc2 Bh6+ 20. Bd2 Qxc2+ 21.
Kxc2 Bxd2 22. Rxd2 e4 23. Ng5 exd3+ 24. Kxd3 h6 25. Nf3 Ne4 26. Rc2 Nxf2+ 27.
Kd2 Nxh1 28. b4 Nf2 29. bxc5 Ne4+ 30. Kd3 Nxc5+ 31. Kxd4 Ne6+ 32. Kd3 Kg7 33.
Nd2 Nc5+ 34. Kc3 Rxe2 0-1

[Event "Okuto"]
[Site "http://www.queenalice.com/game.php?id=167611"]
[Date "2007.2.12"]
[Round "1"]
[White "emiliano"]
[Black "gianmario"]
[Result "1-0"]
[WhiteElo "1716"]
[BlackElo "1716"]

1. e4 e5 2. Nf3 Nc6 3. Bb5 d6 4. d4 exd4 5. Qxd4 Bd7 6. Bxc6 Bxc6 7. Nc3 Nf6 8.
Bg5 Be7 9. O-O-O O-O 10. Rhe1 h6 11. Bh4 b6 12. e5 dxe5 13. Qxe5 Qc8 14. Qxe7
Bxf3 15. gxf3 Re8 16. Qb4 Rxe1 17. Rxe1 Qf5 18. Bxf6 Qxf6 19. Qe4 Rd8 20. Qe7
Qxe7 21. Rxe7 Rc8 22. Nb5 Kf8 23. Rxc7 Rxc7 24. Nxc7 Ke7 25. Kd2 Kd7 26. Nb5 a6
27. Nd4 g6 28. c4 Kd6 29. Kd3 Ke5 30. Ke3 a5 31. a3 h5 32. b4 axb4 33. axb4 f6
34. Nb5 g5 35. Na7 Kd6 36. Kd4 h4 37. c5+ bxc5+ 38. bxc5+ Kc7 39. Kd5 Kb7 40.
Nb5 Kc8 41. c6 Kd8 42. Kd6 Kc8 43. c7 f5 44. Na7+ 1-0

[Event "Challenge"]
[Site "http://www.queenalice.com/game.php?id=167893"]
[Date "2007.2.13"]
[Round "-"]
[White "gianmario"]
[Black "Bitencourt"]
[Result "1-0"]
[WhiteElo "1732"]
[BlackElo "1234"]

1. e4 e5 2. Nf3 d6 3. Nc3 Nf6 4. d4 exd4 5. Nxd4 c5 6. Nf3 Be7 7. g3 O-O 8. Bg2
Bg4 9. O-O Nc6 10. Nd5 Re8 11. Nxe7+ Rxe7 12. c3 Rxe4 13. Bg5 h6 14. Bxf6 Qxf6
15. Qd3 Rae8 16. Ne1 Ne5 17. Qd5 Re2 18. Qxb7 h5 19. Qb5 Nf3+ 20. Nxf3 g5 21.
Ne1 Qe6 22. Nd3 h4 23. Qb7 Bf5 24. Qf3 Be4 25. Qxe2 Qc4 26. Bxe4 Rxe4 27. Qf3 g4
28. Qd1 h3 29. f3 Re3 30. Nf4 1-0

[Event "Challenge"]
[Site "http://www.queenalice.com/game.php?id=169893"]
[Date "2007.2.17"]
[Round "-"]
[White "gianmario"]
[Black "Enrico"]
[Result "1-0"]
[WhiteElo "1700"]
[BlackElo "1708"]

1. e4 e5 2. Nf3 Nc6 3. d4 exd4 4. Nxd4 Nxd4 5. Qxd4 d6 6. Nc3 Bd7 7. g3 c5 8.
Qd1 g6 9. Bg2 Qb6 10. O-O Be7 11. Nd5 Qc6 12. Nxe7 Kxe7 13. Be3 b6 14. e5 Qc7
15. exd6+ Qxd6 16. Qxd6+ Kxd6 17. Bxa8 Nf6 18. Bf4+ Ke7 19. Rfe1+ Be6 20. Bg2 h6
21. Be5 Re8 22. Bxf6+ Kxf6 23. b3 Rd8 24. Rad1 Rc8 25. c4 Bg4 26. Rd6+ Kg7 27.
Re7 Bf5 28. Rxa7 Re8 29. Rd1 Re2 30. Bd5 Be6 31. Bxe6 Rxe6 32. Rad7 Re2 33. R7d2
Re6 34. Kf1 h5 35. Re2 1-0

[Event "amed66"]
[Site "http://www.queenalice.com/game.php?id=170447"]
[Date "2007.2.18"]
[Round "2"]
[White "amed66"]
[Black "gianmario"]
[Result "1-0"]
[WhiteElo "2183"]
[BlackElo "1734"]

1. Nf3 Nf6 2. c4 c5 3. Nc3 d5 4. cxd5 Nxd5 5. g3 Nc6 6. Bg2 e6 7. d3 Be7 8. O-O
b6 9. d4 O-O 10. dxc5 bxc5 11. Bd2 Rb8 12. e4 Nf6 13. b3 Ba6 14. Re1 c4 15. Bf4
Rc8 16. e5 Nd5 17. Nxd5 exd5 18. Bh3 Rc7 19. e6 Bd6 20. exf7+ Rcxf7 21. Bxd6
Qxd6 22. Be6 Rd8 23. Ng5 Ne5 24. Qh5 Nf3+ 25. Nxf3 g6 26. Bxf7+ Kg7 27. Qh4 Bc8
28. Bxd5 h6 29. Re7+ 1-0

[Event "Challenge"]
[Site "http://www.queenalice.com/game.php?id=172422"]
[Date "2007.2.22"]
[Round "-"]
[White "Enrico"]
[Black "gianmario"]
[Result "1-0"]
[WhiteElo "1738"]
[BlackElo "1700"]

1. d4 d5 2. Nf3 Nc6 3. Bf4 Nf6 4. e3 a6 5. Ne5 Nxe5 6. Bxe5 e6 7. Qf3 Be7 8. Bd3
O-O 9. Nc3 Nd7 10. Bf4 Nf6 11. O-O b6 12. Qg3 g6 13. Bxc7 Qd7 14. Bxb6 Bd6 15.
Qg5 Be7 16. Bc5 Bxc5 17. dxc5 Nh5 18. Be2 Ng7 19. a3 Bb7 20. b4 Nf5 21. Bg4 Qc6
22. Bxf5 exf5 23. Rfd1 f6 24. Qg3 Rad8 25. Rd4 Rd7 26. Rad1 Rfd8 27. h4 Qe6 28.
a4 Qe5 29. Qf3 g5 30. hxg5 fxg5 31. g4 fxg4 32. Qxg4 h6 33. R1d3 Kg7 34. f4 Qf6
35. b5 axb5 36. axb5 Ba8 37. c6 Rd6 38. Nxd5 Qf7 39. c4 Kh7 40. c7 Rc8 41. Qxc8
1-0

[Event "Challenge"]
[Site "http://www.queenalice.com/game.php?id=177442"]
[Date "2007.3.5"]
[Round "-"]
[White "sbirulino"]
[Black "gianmario"]
[Result "1-0"]
[WhiteElo "1970"]
[BlackElo "1688"]

1. e4 e5 2. d4 exd4 3. Qxd4 Nc6 4. Qd3 Nf6 5. Nc3 g6 6. Nf3 Bg7 7. Bg5 O-O 8. e5
Nxe5 9. Nxe5 Re8 10. f4 d6 11. O-O-O dxe5 12. Qxd8 Rxd8 13. Rxd8+ Bf8 14. Bxf6
b6 15. Be7 exf4 16. Rxf8+ Kg7 17. Ba6 Bb7 18. Bxb7 Rxf8 19. Bxf8+ Kxf8 20. Nd5
c5 21. Re1 1-0

[Event "Forza e coraggio"]
[Site "http://www.queenalice.com/game.php?id=182175"]
[Date "2007.3.15"]
[Round "-"]
[White "gianmario"]
[Black "Enrico"]
[Result "0-1"]
[WhiteElo "1749"]
[BlackElo "1688"]

1. e4 e5 2. Nf3 Nc6 3. Nc3 Bb4 4. g3 Bxc3 5. bxc3 Nf6 6. d3 d6 7. Bg2 Be6 8. O-O
Qd7 9. Be3 h6 10. Re1 g5 11. c4 Ng4 12. a3 Nxe3 13. Rxe3 g4 14. Nd2 h5 15. Nb3
h4 16. Rb1 h3 17. Bh1 b6 18. Re1 a5 19. a4 Rf8 20. Qd2 f5 21. exf5 Bxf5 22. d4
O-O-O 23. dxe5 Nxe5 24. Qd5 c6 25. Qd2 Nxc4 26. Qc3 d5 27. Nd4 Kc7 28. Nxf5 Rxf5
29. Qb3 Rb8 30. Qd3 Rbf8 31. Re2 Qf7 32. Rf1 c5 33. c3 Nd6 34. Qd2 Rd8 35. Rd1
Nc4 36. Qa2 Ne5 37. Red2 Nf3+ 38. Bxf3 Rxf3 39. Qb2 Qe6 40. Re2 Qc6 41. Rde1
Qxa4 42. Re3 Rxe3 43. fxe3 Re8 44. Qd2 Qc6 45. Qe2 Qe6 46. Qd2 Kc6 47. Qc2 b5
48. Qa2 a4 49. Qa3 Qe4 50. Qb2 Qf3 51. Qd2 a3 0-1

[Event "gianmario"]
[Site "http://www.queenalice.com/game.php?id=193153"]
[Date "2007.4.7"]
[Round "2"]
[White "amed66"]
[Black "gianmario"]
[Result "1-0"]
[WhiteElo "2208"]
[BlackElo "1733"]

1. d4 d5 2. c4 e6 3. g3 Nf6 4. Bg2 Bb4+ 5. Bd2 Bxd2+ 6. Nxd2 b6 7. e4 Bb7 8.
cxd5 exd5 9. e5 Nfd7 10. Qh5 O-O 11. Ngf3 f6 12. O-O Re8 13. Rfe1 fxe5 14. Ng5
h6 15. Qf7+ Kh8 16. Ne6 Rxe6 17. Qxe6 e4 18. f3 Nf6 19. Rac1 exf3 20. Bxf3 Na6
21. Qf7 Qf8 22. Qxf8+ Rxf8 23. Be2 Rf7 24. Nf3 Kg8 25. Ne5 Re7 26. Bxa6 Bxa6 27.
Nc6 Rxe1+ 28. Rxe1 Bb7 29. Ne7+ Kf7 30. Nf5 Ne4 31. Rc1 c6 32. Ne3 Ke6 33. b4 g5
34. g4 Kf6 35. Rf1+ Kg6 36. Rf8 Nc3 37. Rd8 Ne4 38. Rd7 1-0

[Event "Challenge"]
[Site "http://www.queenalice.com/game.php?id=194992"]
[Date "2007.4.11"]
[Round "-"]
[White "gianmario"]
[Black "vercelli"]
[Result "0-1"]
[WhiteElo "1748"]
[BlackElo "1776"]

1. e4 c6 2. d4 d5 3. e5 Bf5 4. Nf3 e6 5. Be2 Nd7 6. O-O c5 7. c3 Nh6 8. Bxh6
gxh6 9. Nbd2 Rg8 10. g3 h5 11. Nb3 c4 12. Nc1 Bh3 13. Re1 Be7 14. b3 b5 15. Bf1
Bxf1 16. Rxf1 h4 17. Ne2 h5 18. Kh1 hxg3 19. fxg3 Nf8 20. Rg1 Rg4 21. Qd2 a5 22.
Qh6 Re4 23. Rae1 b4 24. Qxh5 Re3 25. cxb4 cxb3 26. axb3 Bxb4 27. Nc3 Rxe1 28.
Rxe1 Bxc3 29. Rc1 Rc8 30. Qh3 Bb2 31. Rxc8 Qxc8 32. Qf1 Qc1 33. Qxc1 Bxc1 34.
Kg2 Ke7 35. Kf2 Nd7 36. Ke2 Nb8 37. Kd3 Nc6 38. h4 f6 39. exf6+ Kxf6 40. g4 Bf4
41. h5 Bh6 42. Kc3 e5 43. g5+ Bxg5 44. Nxg5 exd4+ 0-1

[Event "amed66"]
[Site "http://www.queenalice.com/game.php?id=201822"]
[Date "2007.4.24"]
[Round "3"]
[White "Enrico"]
[Black "gianmario"]
[Result "0-1"]
[WhiteElo "1713"]
[BlackElo "1734"]

1. e4 e5 2. Nf3 d6 3. Bc4 c6 4. d3 d5 5. exd5 cxd5 6. Bb5+ Bd7 7. Bxd7+ Nxd7 8.
O-O Ngf6 9. Qe2 Bd6 10. d4 e4 11. Nfd2 Qc7 12. c3 Bxh2+ 13. Kh1 Bf4 14. f3 Nh5
15. Nxe4 dxe4 16. Qxe4+ Be5 17. Qg4 Ndf6 18. Qh3 Ng3+ 19. Kg1 Bxd4+ 20. Rf2 Ne2+
21. Kf1 Bxf2 22. Bg5 Qb6 23. b4 Ng3+ 0-1

[Event "rivincita?"]
[Site "http://www.queenalice.com/game.php?id=215123"]
[Date "2007.5.23"]
[Round "-"]
[White "Enrico"]
[Black "gianmario"]
[Result "0-1"]
[WhiteElo "1757"]
[BlackElo "1731"]

1. d4 Nf6 2. Nf3 e6 3. Nc3 Bb4 4. Bd2 d5 5. e3 O-O 6. a3 Ba5 7. Bd3 c5 8. dxc5
Nbd7 9. b4 Bc7 10. h3 a5 11. Nb5 axb4 12. Bxb4 Ba5 13. c4 Nxc5 14. cxd5 Bxb4+
15. axb4 Nxd3+ 16. Ke2 Rxa1 17. Qxa1 Qxd5 18. Nbd4 Nxb4 19. Rd1 e5 20. Qa4 Qc4+
21. Kd2 Ne4+ 22. Ke1 Nd3+ 0-1

[Event "Challenge"]
[Site "http://www.queenalice.com/game.php?id=217485"]
[Date "2007.5.28"]
[Round "-"]
[White "sbirulino"]
[Black "gianmario"]
[Result "1-0"]
[WhiteElo "1993"]
[BlackElo "1731"]

1. e3 e5 2. c4 Nf6 3. Nc3 Nc6 4. Nf3 Bb4 5. Qc2 b6 6. a3 Bxc3 7. Qxc3 O-O 8.
Nxe5 Nxe5 9. Qxe5 d6 10. Qc3 Bb7 11. d4 d5 12. Be2 dxc4 13. f3 1-0